| 000 | 00482nam a2200181 a 4500 | ||
|---|---|---|---|
| 005 | 20210223125531.0 | ||
| 008 | 041108s19992008mx r 000 0 spa d | ||
| 020 | _a9687748354 | ||
| 035 | _aUPN01000136257 | ||
| 049 | _aCG | ||
| 050 | 4 |
_aPG3457 S5 _bC8.3 |
|
| 100 | 1 |
_aChéjov, Antón Pávlovich, _d1860-1904 |
|
| 245 | 1 | 0 |
_aCuentos / _cAnton Chéjov. |
| 260 |
_aMéxico : _bLectorum, _c1999 (impr 2008). |
||
| 300 | _a139 p. | ||
| 650 | 4 |
_aCUENTOS RUSOS _99579 |
|
| 905 | _aLibro | ||
| 999 |
_c108408 _d108408 |
||